Statistics for Smash Bros. Word Scramble

Click here to take the quiz!

General Stats

  • This quiz has been taken 303 times
    (238 since last reset)
  • The average score is 12 of 21

Answer Stats

Country% Correct
Ken
100%
Luigi
100%
Ryu
100%
Ike
89%
Fox
88%
Shulk
88%
Lucas
86%
Roy
86%
Ness
83%
R.O.B.
83%
Sheik
83%
Hero
82%
Wolf
82%
Kirby
80%
Peach
80%
Steve
80%
Chrom
75%
Diddy Kong
75%
Snake
75%
Ganondorf
71%
Iggy
71%
Jigglypuff
71%
Lemmy
71%
Samus
71%
Pit
70%
Yoshi
69%
Charizard
67%
King K. Rool
67%
Lucario
67%
Mario
67%
Roy
67%
Simon
67%
Pyra
63%
Sonic
63%
Link
62%
Pichu
61%
Donkey Kong
60%
Pac-Man
60%
Corrin
58%
Larry
58%
Robin
58%
Zelda
58%
Lucina
57%
Palutena
57%
Pikachu
57%
Olimar
56%
Squirtle
56%
Wario
55%
Bowser
50%
Falco
50%
Isabelle
50%
Ludwig
50%
Alph
46%
Banjo & Kazooie
46%
Ridley
46%
Terry
44%
Wendy
44%
Marth
43%
Morton
43%
Byleth
40%
Inkling
40%
Mewtwo
40%
Duck Hunt
38%
Toon Link
38%
Dr. Mario
36%
Sephiroth
36%
Alex
33%
Cloud
33%
Joker
33%
Mega Man
33%
Zero Suit Samus
33%
Greninja
30%
Bayonetta
29%
Little Mac
29%
Wii Fit Trainer
29%
Richter
25%
Rosalina
25%
Bowser Jr.
20%
Daisy
20%
Ivysaur
20%
Mr. Game and Watch
20%
Pokemon Trainer
20%
King Dedede
18%
Captain Falcon
14%
Meta Knight
14%
Mythra
14%
Dark Pit
13%
Villager
13%
Zombie
13%
Incineroar
11%
Mii Gunner
11%
Mii Swordfighter
11%
Young Link
10%
Dark Samus
9%
Enderman
0%
Ice Climbers
0%
Mii Brawler
0%
Piranha Plant
0%

Score Distribution

Percentile by Number Answered

Percent of People with Each Score

Your Score History

You have not taken this quiz since the last reset